Chránené huby

Podrobná bibliografia
Hlavný autor: Zajac, Milan (Author)
Médium: Článok
Jazyk:Slovak
Témy:
On-line prístup:http://www.krasy-slovenska.eu/articles/view/1295/Chránené%20huby
Zdroj: 1. Krásy Slovenska 1. Roč. LXXXVIII, č. 9-10 (2011), s. 52-53 1. 0323-0643
LEADER 00793nab#a2200313#ar4500
001 000106521
003 SVKKK
005 20111109104837.0
008 110119c2011 xo |||||||||||||||b|slo
FMT
015 |a SNBRB2011/11 
038 |a SVKKK 
040 |a SVKKK  |b slo  |e AACR2 
041 0 |a slo 
044 |a xo  |c SK 
080 |a 635.8  |2 1997 
100 1 |a Zajac, Milan  |4 aut  |4 pht 
245 1 0 |a Chránené huby  |c Milan Zajac 
300 |b Fotogr. 
650 0 4 |a huby  |x druhy  |x ochrana  |z Slovensko 
650 0 4 |a chránené huby 
773 0 |t Krásy Slovenska  |g Roč. LXXXVIII, č. 9-10 (2011), s. 52-53  |x 0323-0643 
974 |a MI 
992 |a RBX 
BAS
852 |a SVKKK  |b BIB 
856 4 |u http://www.krasy-slovenska.eu/articles/view/1295/Chránené%20huby 
EXP
998 |a SLO